[Event "Olympiad Women 2024"]
[Site "Budapest HUN"]
[Date "2024.09.15"]
[Round "5.57"]
[Board "3"]
[White "La Fleur, Zara"]
[Black "Abigail Karyah"]
[Result "0-1"]
[WhiteElo "1773"]
[BlackElo "1790"]
[PlyCount "112"]
[EventDate "2024.09.11"]
[WhiteTeam "Trinidad & Tobago"]
[BlackTeam "Liberia"]
[BlackTeamCountry "LBR"]

1. e4 c6 2. d4 d5 3. exd5 cxd5 4. Bd3 Nc6 5. c3 Nf6 6. Bf4 Bg4 7. Qb3 Qd7 8. Nd2 e6 9. h3 Bh5 10. Ngf3 Bd6 11. Bxd6 Qxd6 12. O-O O-O 13. Rae1 ({RR} 13. Rfe1 Qc7 14. a4 Rab8 15. Qa3 Bg6 16. Bxg6 hxg6 17. Re3 b6 18. Rae1 a6 19. Qa1 b5 20. axb5 axb5 21. b4 Ne7 22. Ne5 Nf5 23. Rf3 Nd6 24. Nb3 Ra8 25. Qb1 Ra3 26. Qb2 Ra4 27. Nc5 Ra7 {1-0 Fedoseev,V (2701)-Svane,R (2648) Titled Tuesday intern op 19th Apr Early blitz 2022 (5)}) ({RR} 13. Rfe1 a6 14. Ne5 b5 15. Ndf3 Na5 16. Qc2 b4 17. Ng5 Bg6 18. Nxg6 hxg6 19. Re3 bxc3 20. bxc3 Nc6 21. Rae1 Rfc8 22. Bxg6 fxg6 23. Qxg6 Qf8 24. Rxe6 Ne7 25. Rxe7 {1-0 Martin Duque,J (2332)-Badamkhand,N (1927) Titled Tue 26th Mar Early 2024 (9)}) 13... Rab8 $146 ({RR} 13... Bg6 14. Bxg6 hxg6 15. Ne5 Rab8 16. Qd1 b5 17. a3 a5 18. Nb3 Ra8 19. Nc5 Nxe5 {½-½ Kollen,Z (2343)-Martens,M (2321) TCh-BEL 2023-24 (2.4)}) ({RR} 13... Bxf3 14. Nxf3 Qc7 15. Qc2 Rab8 16. Qe2 a6 17. Ne5 Nxe5 18. dxe5 Nd7 19. Qh5 g6 20. Qg5 b5 21. a3 a5 22. h4 b4 23. axb4 axb4 24. h5 Nc5 25. Re3 bxc3 26. bxc3 Nxd3 27. Rxd3 Rb3 28. Rh3 {1-0 Baches Garcia,G (2329)-Mikhailovsky,V (2184) Titled Tuesday intern op 29th Mar Early blitz 2022 (7)}) 14. Ne5 b5 15. f4 b4 16. Qa4 bxc3 17. bxc3 Ne7 18. Rb1 Rfc8 19. Qc2 Bg6 20. Nxg6 hxg6 21. Nb3 Nd7 22. Qd2 Rb7 23. Rbc1 Rbc7 24. Bb5 Nc6 25. Rf3 Ncb8 26. h4 Nf6 27. Bd3 Nbd7 28. g3 Qa3 29. Bb1 a5 30. Kg2 a4 31. Na1 Qd6 32. Bd3 Nb6 33. Re3 Nc4 34. Bxc4 Rxc4 35. Qe2 Ne4 36. h5 Rxc3 37. Rh1 Rxe3 38. Qxe3 g5 39. Rc1 Rxc1 40. Qxc1 gxf4 41. gxf4 Qb4 42. Qg1 Qd2+ 43. Kf3 Qd3+ 44. Kg4 Qe2+ 45. Kh4 Nf6 46. h6 Qh5+ 47. Kg3 Qg4+ 48. Kf2 Qxf4+ 49. Ke2 Qxh6 50. Nc2 Ne4 51. Qe1 Qh3 52. Ne3 Qh2+ 53. Kd3 Qxa2 54. Qa5 g6 55. Qd8+ Kg7 56. Qc7 Qd2# 0-1

[Event "Olympiad Women 2024"]
[Site "Budapest HUN"]
[Date "2024.09.15"]
[Round "5.57"]
[Board "4"]
[White "Kemvee H. Sambola"]
[Black "James, Shemilah"]
[Result "0-1"]
[WhiteElo "1440"]
[BlackElo "1774"]
[PlyCount "120"]
[EventDate "2024.09.11"]
[WhiteTeam "Liberia"]
[BlackTeam "Trinidad & Tobago"]
[WhiteTeamCountry "LBR"]

1. d4 d5 2. c4 e6 3. Nc3 Nf6 4. Bg5 Be7 5. e3 c6 6. cxd5 exd5 7. Qb3 $146 ({RR} 7. Rc1 Bf5 8. Bd3 Ne4 9. Bxe7 Qxe7 10. Nge2 O-O 11. O-O Nd7 12. Re1 Rfe8 13. Bb1 Ndf6 14. f3 Nxc3 15. Nxc3 Bxb1 16. Rxb1 c5 17. dxc5 Qxc5 18. Qd4 Qxd4 19. exd4 Kf8 20. Kf2 Red8 21. Re5 Rd7 {½-½ Kudischewitsch,D-Karpov,A URS U18-ch Moscow 1966}) 7... Nbd7 8. Nf3 h6 9. Bxf6 Nxf6 10. Bd3 Qb6 11. Qxb6 axb6 12. O-O O-O 13. Rab1 Bb4 14. Rfc1 b5 15. a3 Bd6 16. e4 dxe4 17. Nxe4 Nxe4 18. Bxe4 Re8 19. Re1 Be6 20. Rbd1 Bb3 21. Rd3 Bc4 22. Rdd1 Rad8 23. Bd3 Rxe1+ 24. Nxe1 Bd5 25. Nf3 Bxf3 26. gxf3 Bf4 27. Re1 Kf8 28. Re4 Bc1 29. Re2 Rxd4 30. Rc2 Rxd3 31. Rxc1 Rxf3 32. Rd1 Ke7 33. Kg2 Rb3 34. Rd2 b6 35. f3 c5 36. Kg3 c4 37. Re2+ Kd6 38. Rd2+ Rd3 39. Re2 c3 40. bxc3 Rxc3 41. Rb2 Kc5 42. Ra2 Kc4 43. Kf4 Kb3 44. Ra1 Kb2 45. Rd1 Kxa3 46. Rd7 b4 47. Rxf7 g5+ 48. Kg4 b3 49. Ra7+ Kb2 50. Ra6 Rc6 51. f4 gxf4 52. Kxf4 Kc2 53. h4 b2 54. Ra2 Kc1 55. Ra4 b1=Q 56. Re4 Qxe4+ 57. Kxe4 b5 58. Kd5 Rc2 59. h5 b4 60. Kd4 b3 0-1

[Event "Olympiad Women 2024"]
[Site "Budapest HUN"]
[Date "2024.09.15"]
[Round "5.58"]
[Board "1"]
[White "Ghitza, Elena"]
[Black "Shariff, Sasha Christina"]
[Result "1-0"]
[WhiteElo "1817"]
[BlackElo "1538"]
[PlyCount "79"]
[EventDate "2024.09.11"]
[WhiteTeam "Malta"]
[BlackTeam "Guyana"]
[WhiteTeamCountry "MLT"]
[BlackTeamCountry "GUY"]

1. c4 {Donev,Ivo Hristov} e6 2. Nc3 d5 3. cxd5 exd5 4. d4 Nf6 5. Nf3 Be7 6. Bg5 Nbd7 7. Qb3 ({RR} 7. e3 Nb6 8. Qc2 Bg4 9. Ne5 Bh5 10. Bb5+ c6 11. Nxc6 bxc6 12. Bxc6+ Kf8 13. Bxa8 Qxa8 14. O-O Bg6 15. Qe2 h6 16. Bh4 Kg8 17. Rfc1 Kh7 18. Nb5 ({RR} 18. h3) 18... Bd8 19. Nc7 Qb8 20. Bg3 Nh5 21. Na6 ({RR} 21. Be5 Nc4 22. Nxd5 Nxe5 23. dxe5 Qxe5 24. Rd1 Nf6) 21... Nxg3 {0-1 Piket,J (2575)-Sokolov,I (2625) Sarajevo Bosnia 28th 1998 (6)}) ({RR} 7. e3 h6 8. Bh4 c6 9. a3 O-O 10. Bd3 a5 11. O-O Ne8 12. Bg3 Nd6 13. Nd2 Nf6 14. f3 Nf5 15. Bf2 Ne8 16. e4 dxe4 17. Bxe4 Nxd4 18. Nc4 Be6 19. Qxd4 Qxd4 20. Bxd4 Bxc4 21. Rfd1 Nd6 {½-½ Gallego Obrador,A (1648)-Delgadillo Vidal,P (1516) Barcelona Sant Marti op-B 22nd 2022 (7)}) 7... O-O 8. e3 c6 9. a4 $146 ({RR} 9. Bd3 Re8 10. h3 Ne4 11. Bf4 Bd6 12. g3 Qe7 13. Bxe4 dxe4 14. Bxd6 Qxd6 15. Ng5 Qf6 16. h4 h6 17. Nh3 Qf3 18. Rh2 Nf6 19. Qd1 Qf5 20. Qe2 Qa5 21. Ng1 Bg4 22. Qd2 Qf5 23. Rh1 Rad8 {0-1 Weber,K-Meister,P (2415) Staufer op 06th 1994 (2)}) ({RR} 9. Bd3 h6 10. Bf4 Nh5 11. Be5 Bf6 12. Bd6 Be7 13. Be5 Bf6 14. h3 Be7 15. O-O Nhf6 16. e4 dxe4 17. Nxe4 Nxe5 18. dxe5 Be6 19. Qc2 Nd5 20. a3 Nf4 21. Rad1 Qc8 22. Ne1 Rd8 23. Ng3 Bh4 {½-½ Kalmuk,K-Szmer,A Gora Sw Anny op 2nd 2009 (7)}) 9... b6 10. Bd3 c5 11. Nxd5 Bb7 12. Nxe7+ Qxe7 13. O-O Rac8 14. Rac1 Bxf3 15. gxf3 Qd6 16. Bf4 Qd5 17. Qxd5 Nxd5 18. Bd6 Rfd8 19. Ba6 Rc6 20. Bg3 Nb4 21. Bb5 Rcc8 22. Bd6 a6 23. Bxd7 Rxd7 24. dxc5 bxc5 25. Rxc5 Rxc5 26. Bxc5 Nd3 27. Bd4 Rc7 28. Bc3 Kf8 29. Rd1 Rd7 30. Kf1 g6 31. Rd2 Ne5 32. Rxd7 Nxd7 33. Bd4 Ke7 34. Ke2 Kd6 35. Kd3 Nb8 36. Kc4 Kc6 37. b4 Nd7 38. b5+ axb5+ 39. axb5+ Kb7 40. Kd5 1-0

[Event "Olympiad Women 2024"]
[Site "Budapest HUN"]
[Date "2024.09.15"]
[Round "5.58"]
[Board "2"]
[White "Joshi, Aditi Narayan"]
[Black "Thornton, Filipina"]
[Result "1/2-1/2"]
[WhiteElo "1546"]
[BlackElo "1768"]
[PlyCount "59"]
[EventDate "2024.09.11"]
[WhiteTeam "Guyana"]
[BlackTeam "Malta"]
[WhiteTeamCountry "GUY"]
[BlackTeamCountry "MLT"]

1. d4 Nf6 2. c4 g6 3. Nc3 Bg7 4. e4 d6 5. Nf3 O-O 6. Be2 Na6 7. h3 c5 ({RR} 7... e5 8. d5 Nh5 9. g3 Nc5 10. b4 Nd7 11. a3 a5 12. Bd2 axb4 13. axb4 Rxa1 14. Qxa1 c5 15. b5 Kh8 16. O-O Nb6 17. Kg2 f5 18. Ng5 f4 19. Ne6 Bxe6 20. dxe6 f3+ 21. Bxf3 Nxc4 22. Nd5 {1-0 Nadanian,A (2428)-Kurnosov,I (2657) Wch Blitz 7th 2013 (20)}) 8. d5 Nc7 ({RR} 8... Bd7 9. O-O Rb8 10. Bf4 Nc7 11. e5 Nfe8 12. a4 a6 13. Qd2 b5 14. axb5 axb5 15. Bh6 bxc4 16. Bxc4 dxe5 17. Bxg7 Kxg7 18. Nxe5 Nd6 19. b3 Ncb5 20. Na4 Nb7 21. Qe3 N5d6 22. Nxd7 Qxd7 23. Nxc5 {1-0 Snape,I (2086)-Wager,J (2020) English Seniors 65+ 2024 (4.4)}) 9. Bf4 a6 10. Qd3 $146 ({RR} 10. a4 Rb8 11. e5 Nfe8 12. O-O Bd7 13. a5 b5 14. axb6 Rxb6 15. Qd2 Qb8 16. Ra2 f6 17. e6 Bc8 18. h4 f5 19. h5 Nf6 20. hxg6 hxg6 21. Ng5 Bh6 22. g3 Kg7 23. Kg2 Rh8 24. Nf7 Bxf4 {1-0 Fillion,S (2130)-Paz,R (2039) Quebec-ch qual 1 2001 (4)}) ({RR} 10. a4 b6 11. O-O Nd7 12. Bd3 Ne5 13. Nxe5 dxe5 14. Be3 a5 15. Qd2 Bd7 16. Bh6 f6 17. Ne2 Ne8 18. Bxg7 Nxg7 19. f4 exf4 20. Nxf4 e5 21. Ne2 f5 22. b3 f4 23. Kh2 Nh5 24. Qe1 Qg5 {½-½ Abou El Zein,E (2320)-Elsayed,M (2221) EGY-ch final 2007 (4)}) 10... b5 11. e5 bxc4 12. Qxc4 Nd7 13. exd6 Nb5 14. O-O Nxd6 15. Qb3 Rb8 16. Qc2 Bb7 17. Rad1 Rc8 18. Qd2 Re8 19. Ng5 Nf6 20. Bf3 Qa5 21. Rfe1 Rcd8 22. Qe2 Nf5 23. Be5 Bh6 24. Bxf6 exf6 25. Nge4 Kg7 26. Qc4 Nd4 27. Qxc5 Nxf3+ 28. gxf3 Qxc5 29. Nxc5 Bc8 30. Kg2 1/2-1/2

[Event "Olympiad Women 2024"]
[Site "Budapest HUN"]
[Date "2024.09.15"]
[Round "5.58"]
[Board "3"]
[White "Farrugia, Jamie"]
[Black "Clement, Ciel Desiree"]
[Result "1-0"]
[WhiteElo "1733"]
[BlackElo "1460"]
[PlyCount "93"]
[EventDate "2024.09.11"]
[WhiteTeam "Malta"]
[BlackTeam "Guyana"]
[WhiteTeamCountry "MLT"]
[BlackTeamCountry "GUY"]

1. e4 c5 2. c3 d5 3. exd5 Qxd5 4. d4 Nf6 5. Nf3 Bg4 6. Be2 cxd4 7. cxd4 Nc6 8. Nc3 Qd8 9. O-O e6 10. Bg5 ({RR} 10. Qb3 Qb6 11. Be3 Qxb3 12. axb3 Be7 13. h3 Bxf3 14. Bxf3 O-O 15. Rfc1 Rfd8 16. Bxc6 bxc6 17. Nd1 Rdb8 18. Rxc6 Rxb3 19. Rc7 Nd5 20. Rcxa7 Rxa7 21. Rxa7 f5 22. Nc3 Nxc3 23. bxc3 Bd6 24. Kf1 Rxc3 {½-½ Iakymov,V (2459)-Tverdohlebov,V (2377) Kremenchug Grokhotov Memorial 2011 (11)}) 10... Be7 11. Qd3 $146 ({RR} 11. Bxf6 Bxf6 12. d5 exd5 13. Nxd5 O-O 14. Qa4 Bxb2 15. Rab1 Qxd5 16. Rxb2 Qd7 17. Rd1 Qc8 18. Rc1 Rb8 19. h3 Bd7 20. Qf4 Qd8 21. Bd3 Qf6 22. Qxf6 gxf6 23. Be4 Rfc8 24. Rd1 Be6 25. Rd6 Na5 {0-1 Lardot,D-Granat,S Tampere We Hervs op 1998 (4)}) ({RR} 11. h3 Bh5 12. Rc1 O-O 13. Be3 Nb4 14. g4 Bg6 15. Ne5 Nbd5 16. Bg5 Rc8 17. f3 Nxc3 18. bxc3 Nd5 19. Bd2 Bd6 20. f4 Qh4 21. Kh2 f6 22. Nf3 Qh6 23. g5 fxg5 24. Ne5 Bf5 25. Bg4 gxf4 {0-1 Guevara Sanchez,E (2010)-Averchenko,S (2164) Titled Tue 9th Jan Early 2024 (10)}) ({RR} 11. h3 Bh5 12. Ne5 Bxe2 13. Nxe2 Nxe5 14. dxe5 Nd5 15. Bxe7 Qxe7 16. Qa4+ Qd7 17. Qg4 O-O 18. Ng3 Qc7 19. Qe4 Rac8 20. Rac1 Qa5 21. Nh5 Qb4 22. Qxb4 Nxb4 23. Nf4 g5 24. a3 Rxc1 25. Rxc1 Na2 {1-0 Abolichin,D-Winkler,M Vilnius-Berlin m U18 1998}) 11... a6 12. Rfd1 O-O 13. a3 Qd6 14. d5 Ne5 15. Nxe5 Qxe5 16. Bxf6 Bxf6 17. Bxg4 exd5 18. Qxd5 Qxd5 19. Rxd5 Rfe8 20. Rad1 h6 21. g3 Re7 22. Rd7 Rae8 23. Kf1 Kf8 24. Bf3 b6 25. Bc6 Bxc3 26. Rxe7 Rc8 27. Re8+ Rxe8 28. Bxe8 Bxb2 29. Bc6 Bxa3 30. Re1 g6 31. Ra1 Bc5 32. Rxa6 Ke7 33. Ra7+ Kd6 34. Bb5 f5 35. Rg7 Kd5 36. Rd7+ Ke5 37. Ke2 Ke4 38. Bc4 f4 39. f3+ Ke5 40. Rd5+ Kf6 41. gxf4 Bg1 42. h3 Bh2 43. Ke3 Ke6 44. Rd2+ Kf5 45. Rxh2 g5 46. fxg5 hxg5 47. h4 1-0

[Event "Olympiad Women 2024"]
[Site "Budapest HUN"]
[Date "2024.09.15"]
[Round "5.58"]
[Board "4"]
[White "Archibald, Treskole"]
[Black "Stagno, Milena"]
[Result "0-1"]
[WhiteElo "1444"]
[BlackElo "1664"]
[PlyCount "46"]
[EventDate "2024.09.11"]
[WhiteTeam "Guyana"]
[BlackTeam "Malta"]
[WhiteTeamCountry "GUY"]
[BlackTeamCountry "MLT"]

1. e4 c5 2. Nf3 Nc6 3. d4 cxd4 4. Nxd4 g6 5. Nc3 Bg7 6. Be3 d6 7. Be2 Nf6 8. O-O O-O 9. f4 Qb6 10. Na4 Qa5 11. Nc3 Nxd4 12. Bxd4 e5 13. fxe5 dxe5 14. Be3 $146 ({RR} 14. Bf2 Be6 15. h3 b5 16. Bc5 Rfd8 17. b4 Rxd1 18. bxa5 Rxa1 19. Rxa1 Rc8 20. Bb4 Bh6 21. Nxb5 Be3+ 22. Kh2 Nxe4 23. Bd3 Nf2 24. Nd6 Nxd3 25. cxd3 Rc2 26. Ne4 f5 27. Nf6+ Kf7 28. Ne4 fxe4 {0-1 Jakab,S (1840)-Demeter,P (2209) Banska Stiavnica V4 op 2017 (1)}) 14... Be6 15. Bf3 ({RR} 15. Qe1 Rac8 16. Kh1 Rxc3 17. bxc3 Nxe4 18. c4 Qxe1 19. Rfxe1 b6 20. Bf3 Nc3 21. c5 e4 22. Bd1 bxc5 23. Bxc5 Rc8 24. Bxa7 Nb5 25. Be2 Nxa7 26. Rab1 Bxa2 27. Rb7 Nc6 28. c4 Nd4 29. Bf1 Bxc4 {0-1 Lenoir Ibacache,G (2228)-Palencia,W (2168) Titled Tue 9th Jul Late 2024 (10)}) 15... Rad8 16. Qe2 Rc8 17. Qf2 a6 18. Rfd1 Ng4 19. Bxg4 Bxg4 20. Rd5 Qb4 21. Bc1 f5 22. exf5 Rxf5 23. Qh4 Qb6+ 0-1

[Event "Olympiad Women 2024"]
[Site "Budapest HUN"]
[Date "2024.09.15"]
[Round "5.59"]
[Board "1"]
[White "Strade, Arita"]
[Black "Sele, Timea"]
[Result "1-0"]
[WhiteElo "1946"]
[BlackElo "1699"]
[PlyCount "111"]
[EventDate "2024.09.11"]
[WhiteTeam "Guernsey"]
[BlackTeam "Liechtenstein"]
[BlackTeamCountry "LIE"]

1. e4 c6 2. d4 d5 3. exd5 cxd5 4. Bd3 Nc6 5. c3 Qc7 6. Ne2 Bg4 7. f3 Bd7 8. Bf4 e5 9. dxe5 Nxe5 10. Bc2 Nf6 11. O-O Bd6 12. Kh1 O-O ({RR} 12... O-O-O 13. a4 Nc4 14. Bxd6 Qxd6 15. Qd4 Rhe8 16. Re1 Re5 17. Nd2 Qe6 18. b3 Nxd2 19. Qxd2 Re8 20. Bd3 g5 21. Ra2 g4 22. Rg1 Re3 23. Nd4 Qe5 24. Nc2 Nh5 25. Rd1 gxf3 26. Nxe3 Qxe3 27. Qxe3 {1-0 Sankova,S (2073)-Milcova,Z (2086) ch-SVK Women 2024 (6.4)}) 13. Nd2 Rfe8 14. Nd4 ({RR} 14. Nb3 Nc4 15. Bxd6 Qxd6 16. Re1 Ne3 17. Qd2 Nc4 18. Qc1 Re5 19. Bd3 Rae8 20. Nbd4 Rh5 21. Qf4 Rhe5 22. Bxc4 dxc4 23. Red1 Nd5 24. Qg3 Ne3 25. Rd2 Qh6 26. Qf4 Qh5 27. Ng3 Nd5 {0-1 Nakamura,H (2745)-Dobrov,V (2478) chess.com Speed blitz 2019 (1.21)}) 14... Nh5 $146 ({RR} 14... Ng6 15. Bxd6 Qxd6 16. Bxg6 hxg6 17. Re1 Qf4 18. Qc2 Qh4 19. Rxe8+ Rxe8 20. Nf1 g5 21. Kg1 g4 22. Qf2 Qg5 23. Re1 Rxe1 24. Qxe1 gxf3 25. Nxf3 Qf4 26. Ng3 Ne4 27. Nxe4 dxe4 28. Nd4 f5 29. g3 {0-1 Hernandez Jimenez,A (2132)-Mortazavi,A (2333) Titled Tuesday intern op 24th Nov blitz 2020 (2)}) ({RR} 14... Qb6 15. Qb1 h6 16. Bf5 Nc4 17. Nxc4 dxc4 18. Bxd7 Nxd7 19. Bxd6 Qxd6 20. Qf5 Re5 21. Qf4 Rae8 22. b3 Nb6 23. Qg3 cxb3 24. axb3 Qc5 25. Rae1 Kf8 26. h3 Nd7 27. f4 Rxe1 28. Rxe1 Rxe1+ 29. Qxe1 {1-0 Vonthron,H (2364)-Tschann,S (2281) Oberliga Baden 1415 2014 (8.2)}) 15. Bg5 Ng6 16. f4 Nhxf4 17. Qf3 Bc6 18. g3 Ne6 19. Be3 Nxd4 20. Bxd4 Re7 21. Rae1 Rae8 22. Rxe7 Rxe7 23. Qf2 b6 24. Nf3 Bb5 25. Re1 Nf8 26. a4 Ba6 27. Nh4 Rxe1+ 28. Qxe1 Ne6 29. Nf5 Bf8 30. Qe3 Qc4 31. Qf2 Nxd4 32. Nxd4 Bc5 33. Qe1 Qf1+ 34. Qxf1 Bxf1 35. Kg1 Bh3 36. Kf2 Bxd4+ 37. cxd4 h6 38. Ke3 f6 39. Kf4 g5+ 40. Kf3 Be6 41. Bd3 Kf7 42. b4 a5 43. b5 h5 44. Bc2 Bg4+ 45. Ke3 Ke6 46. h4 Bf5 47. Bd1 Be4 48. Kd2 gxh4 49. gxh4 Bg6 50. Ke3 Bf7 51. Bc2 f5 52. Kf4 Bg6 53. Kg5 Kf7 54. Bxf5 Bxf5 55. Kxf5 Ke7 56. Ke5 1-0

[Event "Olympiad Women 2024"]
[Site "Budapest HUN"]
[Date "2024.09.15"]
[Round "5.60"]
[Board "1"]
[White "Lou, Yuxin"]
[Black "Alazmi, Amani"]
[Result "1-0"]
[WhiteElo "1654"]
[BlackElo "1673"]
[PlyCount "73"]
[EventDate "2024.09.11"]
[WhiteTeam "Hong Kong, China"]
[BlackTeam "Kuwait"]
[BlackTeamCountry "KUW"]

1. d4 Nf6 2. c4 g6 3. Nc3 Bg7 4. e4 d6 5. Be2 O-O 6. Bg5 c5 7. d5 b5 8. cxb5 a6 9. f3 axb5 10. Bxb5 Ba6 11. Bxa6 Nxa6 12. Nge2 Qb6 13. Qd2 Rfb8 14. Rb1 c4 15. Be3 Qc7 $146 ({RR} 15... Nc5 16. O-O Nfd7 17. h3 Ne5 18. Nc1 Qa5 19. Bd4 Na4 20. b4 Rxb4 21. Rxb4 Qxb4 22. Qc2 Nxf3+ 23. Kh1 Nxd4 24. Qf2 Nxc3 25. Qxf7+ Kh8 26. Qxe7 Nce2 27. Nxe2 Nxe2 28. Qh4 Qc3 29. Rd1 Ng3+ 30. Kg1 {0-1 Leeb,S (2065)-Kostre,M (1784) GER-chT U20 Osnabrueck 2015 (4.3)}) 16. O-O Nb4 17. b3 Nd3 18. Nd4 Ne5 19. Rfc1 cxb3 20. axb3 Rb7 21. Na4 Qd7 22. Nc6 Nh5 23. Nxe5 Bxe5 24. Nb6 Rxb6 25. Bxb6 Nf4 26. Be3 g5 27. Rc2 Qb5 28. Bxf4 Bxf4 29. Qe2 Qb6+ 30. Kh1 Ra3 31. Rc8+ Kg7 32. Qb2+ Be5 33. Qxa3 Qf2 34. Qc1 Qh4 35. Qg1 Bg3 36. Rc3 Bf2 37. g3 1-0

[Event "Olympiad Women 2024"]
[Site "Budapest HUN"]
[Date "2024.09.15"]
[Round "5.60"]
[Board "2"]
[White "Alazemi, Aisha"]
[Black "Leung, Hoi Ting"]
[Result "0-1"]
[WhiteElo "1539"]
[BlackElo "1619"]
[PlyCount "92"]
[EventDate "2024.09.11"]
[WhiteTeam "Kuwait"]
[BlackTeam "Hong Kong, China"]
[WhiteTeamCountry "KUW"]

1. e4 e6 2. d4 d5 3. e5 c5 4. c3 Nc6 5. Nf3 Qb6 6. Bd3 Bd7 7. O-O cxd4 8. cxd4 Nxd4 9. Nxd4 Qxd4 10. Nc3 Qxe5 11. Re1 Qd6 12. Nb5 Qb8 13. Qf3 Bd6 14. Kh1 $146 ({RR} 14. Qxd5 Bxh2+ 15. Kh1 Bc6 16. Qg5 Nf6 17. f4 h6 18. Qxg7 Rg8 19. Rxe6+ fxe6 20. Bg6+ Kd8 21. Qxf6+ {1-0 Tal,M-Nei,I Tal blitz Soviet Union 1958}) ({RR} 14. Nxd6+ Qxd6 15. Bf4 Qe7 16. Qg3 f6 17. Bd6 Qf7 18. Rac1 Ne7 19. Rc7 Rd8 20. Rxb7 O-O 21. Rxa7 Rfe8 22. Bc5 Nc6 23. Rc7 Ne5 24. Bf1 Rc8 25. Rxc8 Rxc8 26. b4 Ba4 27. Qe3 Nd7 28. Bd6 e5 {1-0 Svidler,P (2683)-Piesik,P (2419) Titled Tue 10th Jan Early 2023 (2)}) ({RR} 14. Qxd5 Bxh2+ 15. Kh1 Ne7 16. Qh5 a6 17. Nc3 Bd6 18. Ne4 Bb4 19. Rd1 Ng6 20. f4 Qd8 21. a3 Be7 22. Be3 f5 23. Ng3 O-O 24. Bc4 Qc7 25. Rac1 Nxf4 26. Qf3 Bd6 27. Bxe6+ Nxe6 28. Rxc7 Bxc7 {1-0 Hartmann,C-Etzold,E DDR-ch10 Final 1959 (6)}) 14... Ne7 15. Nd4 O-O 16. Bxh7+ Kxh7 17. Qh5+ Kg8 18. Nf3 f6 19. Nh4 Qe8 20. Qf3 Qf7 21. Bd2 Rad8 22. Rad1 Ng6 23. Nxg6 Qxg6 24. h4 Qf5 25. Qxf5 exf5 26. Ba5 b6 27. Rxd5 Bc6 28. Bxb6 Bxd5 29. Bxd8 Rxd8 30. b3 Kf7 31. Rd1 Be6 32. g3 Ke7 33. Rc1 f4 34. gxf4 Bxf4 35. Re1 Rd2 36. a4 Rxf2 37. Re4 Rh2+ 38. Kg1 Rxh4 39. Kg2 Kd6 40. Rd4+ Bd5+ 41. Kf1 Ke5 42. Rb4 g5 43. Ke2 Rh2+ 44. Kd3 g4 45. Rb8 g3 46. Re8+ Be6 0-1

[Event "Olympiad Women 2024"]
[Site "Budapest HUN"]
[Date "2024.09.15"]
[Round "5.60"]
[Board "3"]
[White "Liu, Tian Yi"]
[Black "Nema, Rabab"]
[Result "1/2-1/2"]
[WhiteElo "1607"]
[BlackElo "1601"]
[PlyCount "82"]
[EventDate "2024.09.11"]
[WhiteTeam "Hong Kong, China"]
[BlackTeam "Kuwait"]
[BlackTeamCountry "KUW"]

1. e4 {Speelman,Jonathan S} e6 2. d4 d5 3. Nd2 Nf6 4. e5 Nfd7 5. f4 c5 6. c3 Nc6 7. Ndf3 f6 ({RR} 7... Qb6) 8. Bd3 a6 $146 ({RR} 8... cxd4 9. cxd4 Bb4+ 10. Bd2 Bxd2+ 11. Qxd2 fxe5 12. fxe5 Qa5 13. Qxa5 Nxa5 14. Ng5 h6 15. Nxe6 Nxe5 16. Bb5+ Bd7 17. dxe5 Bxb5 18. Nc7+ Ke7 19. Nxb5 Rac8 20. Nf3 Rc2 21. O-O Rxb2 22. Nbd4 Rc8 23. Nh4 {1-0 Kuijpers,F-Camilleri,H Zonal Halle Halle/Saale 1967 (8)}) ({RR} 8... cxd4 9. cxd4 Bb4+ 10. Bd2 Qb6 11. a3 ({RR} 11. Ne2 O-O 12. a3 fxe5 13. fxe5 Ndxe5 14. dxe5 Nxe5 15. Bxb4 Rxf3 16. gxf3 Nxf3+ 17. Kf1 e5) 11... Bxd2+ 12. Qxd2 O-O 13. Ne2 h6 14. b4 a6 15. Rc1 ({RR} 15. Rb1) 15... Rf7 16. Bg6 Rf8 17. Bb1 Rf7 ({RR} 17... a5 18. Qd3 axb4 19. Qh7+ Kf7) 18. Qd3 Nf8 19. exf6 Rxf6 20. g4 Bd7 21. h4 Rf7 22. Rg1 Be8 23. h5 {1-0 Speelman,J (2605)-Skembris,S (2455) Olympiad-29 Novi Sad 1990 (3)}) ({RR} 8... cxd4 9. cxd4 Bb4+ 10. Bd2 Qa5 11. Ne2 O-O 12. a3 Bxd2+ 13. Qxd2 Qxd2+ 14. Kxd2 f5 15. b4 Nb6 16. Rac1 Bd7 17. h3 a6 18. g4 g6 19. Rhg1 Kh8 20. Rg2 Rac8 21. gxf5 gxf5 22. Rcg1 Be8 23. Ng3 {1-0 Yuan,Q (2360)-Cruz,W (2216) Titled Tue 5th Mar Late 2024 (3)}) ({RR} 8... cxd4 9. cxd4 Bb4+ 10. Bd2 Qb6 11. Ne2 fxe5 12. fxe5 O-O 13. a3 Be7 14. Bc3 a6 15. Bc2 Rf7 16. Qd3 Nf8 17. O-O Bd7 18. Qd2 Qd8 19. Rac1 Rc8 20. Bb1 Na7 21. Bb4 Rxc1 22. Rxc1 Nc6 23. Bxe7 {0-1 Rudolf,S (2160)-Schwarz,F (2033) GER-ch Net Amateur Gr-A Final blitz 2020 (8)}) 9. h4 b5 10. Qe2 cxd4 11. cxd4 Bb4+ 12. Kd1 Qe7 13. h5 Ba5 14. g4 Nf8 15. g5 f5 16. h6 g6 17. a3 Nd7 18. Qf1 Bd8 19. Ne2 Nb6 20. Ke1 Na5 21. Kf2 Nb3 22. Rb1 Nc4 23. Qd1 Nba5 24. Bd2 Nc6 25. Be1 Bd7 26. Nc1 Bb6 27. Be2 Kf7 28. Kg3 Rhc8 29. Nb3 a5 30. Bf2 a4 31. Nc5 Bxc5 32. dxc5 N6a5 33. Ne1 Nb3 34. Nd3 Bc6 35. Bf3 Nbd2 36. Bg2 Nxb1 37. Qxb1 Qb7 38. Bd4 Nd2 39. Qc2 Ne4+ 40. Kh3 Ke7 41. Rc1 Kd7 1/2-1/2

[Event "Olympiad Women 2024"]
[Site "Budapest HUN"]
[Date "2024.09.15"]
[Round "5.60"]
[Board "4"]
[White "Ajbali, Ghaleyah"]
[Black "Liang, Liyun"]
[Result "1/2-1/2"]
[WhiteElo "1513"]
[BlackElo "1463"]
[PlyCount "86"]
[EventDate "2024.09.11"]
[WhiteTeam "Kuwait"]
[BlackTeam "Hong Kong, China"]
[WhiteTeamCountry "KUW"]

1. e4 c5 2. Nf3 d6 3. c3 e6 4. d4 cxd4 5. cxd4 Nf6 6. Nbd2 $146 ({RR} 6. Bg5 Be7 7. Nc3 O-O 8. Bc4 a6 9. a4 b6 10. O-O Bb7 11. d5 Qc7 12. Qb3 e5 13. Nh4 h6 14. Bxf6 Bxf6 15. Nf5 Nd7 16. Ne2 Nc5 17. Qc2 Kh7 18. f4 g6 19. fxe5 Bxe5 20. Nfd4 Nxe4 {0-1 Hasson,F-Stretch,W Olympiad Women-26 1984 (11)}) ({RR} 6. Nc3 d5 7. e5 Ne4 8. Bd3 Nxc3 9. bxc3 Be7 10. h4 h6 11. h5 Nc6 12. g4 Bd7 13. Rg1 Qc7 14. Ke2 O-O-O 15. Bf4 Na5 16. g5 Nc4 17. gxh6 gxh6 18. Qc2 Bb5 19. Qb3 Ba6 20. Nd2 Bg5 {1-0 Mischuk,D (2382)-Chos,A (2317) Cheliabinsk Lozovatsky Memorial-B 2018 (1)}) ({RR} 6. Nc3 g6 7. Bg5 Bg7 8. Bd3 Qa5 9. O-O O-O 10. h3 Nc6 11. Re1 e5 12. dxe5 Nxe5 13. Nxe5 Qxe5 14. Bh4 Be6 15. a3 a6 16. Bg3 Qc5 17. Bc2 Rad8 18. e5 dxe5 19. Qe2 Nh5 20. Bxe5 Qc6 {1-0 Briand,E (1076)-Guenin,P (1392) Cappelle Online Rapid op 2021 (3)}) ({RR} 6. Nc3 h6 7. Bd3 Nbd7 8. O-O Qc7 9. Re1 Be7 10. Qe2 a6 11. e5 dxe5 12. dxe5 Ng8 13. Bf4 Bc5 14. Rac1 Qa5 15. a3 Ba7 16. Ne4 Bb8 {1-0 Larrea,M (2181)-Chargonia,A URU-chT 27th 2000 (5)}) 6... Be7 7. Bd3 O-O 8. O-O Nc6 9. a3 e5 10. d5 Nb8 11. Re1 Bg4 12. h3 Bh5 13. Nf1 h6 14. Ng3 Bg6 15. Nh4 Bxe4 16. Nxe4 Nxe4 17. Rxe4 Bxh4 18. Rg4 f5 19. Rg6 Rf6 20. Qh5 Rxg6 21. Qxg6 e4 22. Be2 Qf6 23. Bh5 Nd7 24. Bf4 Qxg6 25. Bxg6 Rf8 26. Rc1 Bg5 27. Bxg5 hxg5 28. g4 fxg4 29. hxg4 Ne5 30. Bf5 Nd3 31. Rc7 Nxf2 32. Kxf2 g6 33. Rd7 gxf5 34. Rxd6 fxg4+ 35. Ke3 Rf3+ 36. Kxe4 Rb3 37. Rg6+ Kf7 38. Rxg5 Rxb2 39. Rxg4 Ke7 40. Rg7+ Kd6 41. Rg6+ Kc5 42. d6 Rd2 43. Rg7 Rxd6 1/2-1/2